STN EN ISO 2789 (01 0150) informácie a dokumentácia
Na minha lista:
| Outros Autores: | |
|---|---|
| Formato: | Livro |
| Idioma: | eslovaco |
| Publicado em: |
Bratislava
Slovenský ústav technickej normalizácie
2004
|
| Assuntos: | |
| Tags: |
Sem tags, seja o primeiro a adicionar uma tag!
|
MARC
| LEADER | 00000nam$a2200000$$$4500 | ||
|---|---|---|---|
| 001 | 0017773 | ||
| 005 | 20240104111950.0 | ||
| 041 | 0 | |a slo | |
| 044 | |a SK | ||
| 245 | 1 | 0 | |a STN EN ISO 2789 (01 0150) |b informácie a dokumentácia |c spracovateľ: Marta Mandysová |
| 264 | 1 | |a Bratislava |b Slovenský ústav technickej normalizácie |c 2004 | |
| 300 | |a 51 s. | ||
| 500 | |a Táto norma nahrádza STN EN ISO 2789: 2001 v celom rozsahu | ||
| 610 | 2 | 0 | |a normy |
| 610 | 2 | 0 | |a normy ISO |
| 610 | 2 | 0 | |a knižnice |
| 610 | 2 | 0 | |a štatistika |
| 610 | 2 | 0 | |a spracovanie dát |
| 610 | 2 | 0 | |a terminológia |
| 610 | 2 | 0 | |a informácie |
| 610 | 2 | 0 | |a ISO 2789 |
| 700 | 1 | |a Mandysová, Marta | |